Organizovanie
Na minha lista:
| Autor principal: | |
|---|---|
| Autor Corporativo: | |
| Formato: | Livro |
| Idioma: | eslovaco |
| Publicado em: |
Bratislava
Vydavateľstvo EKONÓM
2005
|
| Assuntos: | |
| Tags: |
Sem tags, seja o primeiro a adicionar uma tag!
|
MARC
| LEADER | 00000nam$a2200000$$$4500 | ||
|---|---|---|---|
| 001 | 0038016 | ||
| 005 | 20240502071458.0 | ||
| 020 | |a 80-225-2095-0 | ||
| 041 | 0 | |a slo | |
| 044 | |a SK | ||
| 245 | 1 | 0 | |a Organizovanie |c Elena Thomasová |
| 264 | 1 | |a Bratislava |b Vydavateľstvo EKONÓM |c 2005 | |
| 300 | |a 235 s. | ||
| 610 | 2 | 0 | |a podnik |
| 610 | 2 | 0 | |a organizácia podniku |
| 610 | 2 | 0 | |a štruktúra organizačná |
| 610 | 2 | 0 | |a dizajn |
| 610 | 2 | 0 | |a riadenie podnikové |
| 610 | 2 | 0 | |a stratégia podniková |
| 610 | 2 | 0 | |a rozhodovanie podnikové |
| 610 | 2 | 0 | |a manažéri |
| 610 | 2 | 0 | |a delegovanie právomoci |
| 610 | 2 | 0 | |a útvary podnikové |
| 610 | 2 | 0 | |a projekty |
| 610 | 2 | 0 | |a tímy pracovné |
| 610 | 2 | 0 | |a aliancie strategické |
| 610 | 2 | 0 | |a holding |
| 610 | 2 | 0 | |a systémy riadenia |
| 610 | 2 | 0 | |a zmeny organizačné |
| 610 | 2 | 0 | |a outsourcing |
| 610 | 2 | 0 | |a manažment času |
| 610 | 2 | 0 | |a plánovanie času |
| 610 | 2 | 0 | |a porady |
| 100 | 1 | |a Thomasová, Elena | |
| 710 | 2 | |a Ekonomická univerzita v Bratislave. Fakulta podnikového manažmentu | |